00505nam a2200133 a 450000100100000000500170001000800410002704000250006811000540009324500570014726000640020430000270026850000760029500004614520240307073950.0150626s2008 dr a 000 0 spa d aDO-SdBNPbspacBNPHU1 aRepública Dominicana.b Junta Central Electoral10aManual para delegados ante los colegios electorales. aSanto Domingo :bDirección Nacional de Elecciones,c2008. a37 p. :bil. ;c21 cm. aEleccciones ordinarias generales presidenciales del 16 de mayo del 2008